| 000 | 01302cam a2200349 i 4500 | ||
|---|---|---|---|
| 001 | 18980687 | ||
| 005 | 20221005095607.0 | ||
| 008 | 160219s2016 enk b 001 0 eng | ||
| 010 | _a 2015047664 | ||
| 020 | _a9781138944879 (hardback) | ||
| 020 | _z9781315671406 (ebook) | ||
| 040 |
_aDLC _beng _cDLC _erda _dDLC |
||
| 042 | _apcc | ||
| 043 | _aa-cc--- | ||
| 050 | 0 | 0 |
_aJZ1734 _b.N67 2016 |
| 082 | 0 | 0 |
_a327.51 _bNOR |
| 100 | 1 |
_aNordin, Astrid, _eauthor. _999137 |
|
| 245 | 1 | 0 |
_aChina's international relations and harmonious world : _btime, space and multiplicity in world politics / _cAstrid H.M. Nordin. |
| 264 | 1 |
_aLondon ; _aNew York : _bRoutledge, Taylor & Francis Group, _c2016. |
|
| 300 |
_axvi, 202 pages ; _c24 cm. |
||
| 336 |
_atext _btxt _2rdacontent |
||
| 337 |
_aunmediated _bn _2rdamedia |
||
| 338 |
_avolume _bnc _2rdacarrier |
||
| 490 | 0 | _aInterventions | |
| 504 | _aIncludes bibliographical references and index. | ||
| 650 | 0 |
_aInternational cooperation _912487 |
|
| 651 | 0 |
_aChina _xForeign relations _xPhilosophy. _999138 |
|
| 651 | 0 |
_aChina _xForeign relations _y21st century. _910158 |
|
| 906 |
_a7 _bcbc _corignew _d1 _eecip _f20 _gy-gencatlg |
||
| 942 |
_2ddc _cBK |
||
| 999 |
_c591497 _d591497 |
||